<?xml version="1.0" encoding="UTF-8"?>
<record
    xmlns:xsi="http://www.w3.org/2001/XMLSchema-instance"
    xsi:schemaLocation="http://www.loc.gov/MARC21/slim http://www.loc.gov/standards/marcxml/schema/MARC21slim.xsd"
    xmlns="http://www.loc.gov/MARC21/slim">

  <leader>07049nam a2200445 a 4500</leader>
  <controlfield tag="001">dia_4791</controlfield>
  <controlfield tag="003">CHAP</controlfield>
  <controlfield tag="005">20240917131114.0</controlfield>
  <controlfield tag="007">ta</controlfield>
  <controlfield tag="008">220117s2012    mx abd frm    001 0 spa d</controlfield>
  <datafield tag="010" ind1=" " ind2=" ">
    <subfield code="a">175550</subfield>
  </datafield>
  <datafield tag="040" ind1=" " ind2=" ">
    <subfield code="a">mxchpua</subfield>
    <subfield code="c">CHAP</subfield>
  </datafield>
  <datafield tag="041" ind1="0" ind2=" ">
    <subfield code="a">spa</subfield>
    <subfield code="b">eng</subfield>
  </datafield>
  <datafield tag="090" ind1=" " ind2=" ">
    <subfield code="a">Tesis </subfield>
    <subfield code="b">G669 </subfield>
    <subfield code="c">2012</subfield>
  </datafield>
  <datafield tag="100" ind1="1" ind2=" ">
    <subfield code="a">Gonz&#xE1;lez Ruiz, Santos</subfield>
  </datafield>
  <datafield tag="240" ind1="1" ind2="0">
    <subfield code="a">Effects on the tortillas table quality using as additive a nixtamalized amaranth (Amaranthus hypochondriacus) flour.</subfield>
    <subfield code="l">Espa&#xF1;ol</subfield>
  </datafield>
  <datafield tag="245" ind1="1" ind2="0">
    <subfield code="a">Efectos en la calidad de las Tortillas de Mesa usando como Aditivo Harina de Amaranto (Amaranthus hypochondriacus) Nixtamalizado /</subfield>
    <subfield code="c">Santos Gonz&#xE1;lez Ru&#xED;z y Eduardo Hern&#xE1;ndez Paredes</subfield>
  </datafield>
  <datafield tag="264" ind1=" " ind2=" ">
    <subfield code="a">Chapingo, M&#xE9;xico : </subfield>
    <subfield code="b">El autor,</subfield>
    <subfield code="c">2012</subfield>
  </datafield>
  <datafield tag="300" ind1=" " ind2=" ">
    <subfield code="a">96 hojas :</subfield>
    <subfield code="b">ilustraciones, tablas, gr&#xE1;ficas, mapas +</subfield>
    <subfield code="e">1 CD-ROM</subfield>
  </datafield>
  <datafield tag="336" ind1=" " ind2=" ">
    <subfield code="2">rdacontent</subfield>
    <subfield code="a">texto</subfield>
    <subfield code="b">txt</subfield>
  </datafield>
  <datafield tag="337" ind1=" " ind2=" ">
    <subfield code="2">rdamedia</subfield>
    <subfield code="a">no mediado</subfield>
    <subfield code="b">n</subfield>
  </datafield>
  <datafield tag="338" ind1=" " ind2=" ">
    <subfield code="2">rdacarrier</subfield>
    <subfield code="a">volumen</subfield>
    <subfield code="b">nc</subfield>
  </datafield>
  <datafield tag="502" ind1=" " ind2=" ">
    <subfield code="a">Tesis</subfield>
    <subfield code="b">(Ingeniero Agroindustrial) --</subfield>
    <subfield code="c">UACh. Departamento de Ingenier&#xED;a Agroindustrial,</subfield>
    <subfield code="d">2012</subfield>
  </datafield>
  <datafield tag="504" ind1=" " ind2=" ">
    <subfield code="a">Bibliograf&#xED;a : hojas 81-91</subfield>
  </datafield>
  <datafield tag="520" ind1="3" ind2=" ">
    <subfield code="a">En M&#xE9;xico la tortilla forma parte de la dieta de todos los estratos sociales. La falta de una dieta apropiada, debido a la limitaci&#xF3;n de recursos econ&#xF3;micos y al incremento de la poblaci&#xF3;n, han hecho esta poblaci&#xF3;n sea m&#xE1;s dependiente de la tortilla para su alimentaci&#xF3;n diaria, es por ello que se han realizado varios esfuerzos para mejorar la calidad de la tortilla mediante la fortificaci&#xF3;n de &#xE9;sta adicionando harinas de otros granos a la masa y mediante la adici&#xF3;n de nutrimentos, por otra parte a pesar de su alto consumo, existe una gran variabilidad en las caracter&#xED;sticas de calidad de la tortilla producida comercialmente, principalmente las de textura, color, aroma, valor nutritivo y vida de anaquel. En el presente trabajo se evalu&#xF3; el efecto de la harina de amaranto nixtamalizada (HAN), sobre la calidad de la tortilla de ma&#xED;z con el objetivo de mejorar la textura, vida de anaquel y valor nutritivo, la adici&#xF3;n de HAN se fij&#xF3; en 0, 5, 10 y 15%. Para la elaboraci&#xF3;n de tortillas se us&#xF3; una harina nixtamalizada de ma&#xED;z comercial sin aditivos (HMNsa) marca Cargill, masa de ma&#xED;z (MM) obtenida mediante el m&#xE9;todo tradicional de nixtamalizaci&#xF3;n y otra masa obtenida mediante la combinaci&#xF3;n (C) de HMNsa (50%) y MM (50%). Se efectu&#xF3; la caracterizaci&#xF3;n f&#xED;sico-qu&#xED;mica de las harinas y masas (humedad, prote&#xED;na, cenizas y calcio). Se realiz&#xF3; una evaluaci&#xF3;n sensorial (por atributos y global) sobre la aceptabilidad de la tortilla de ma&#xED;z adicionada con HAN con diferente tipo de masa y diferentes porcentajes de HAN. La calidad de las tortillas se midi&#xF3; en t&#xE9;rminos de color (L, Hue, Croma), % humedad, rolabilidad, flexibilidad, textura, y vida de anaquel, durante un periodo de almacenamiento de 12 d&#xED;as a 4 &#xB1; 1 &#xB0;C, adem&#xE1;s de la caracterizaci&#xF3;n f&#xED;sico-qu&#xED;mica de las mismas. La adici&#xF3;n de HAN (15%) a las tortillas (HMNsa, MM y C) con respecto a los testigos, mantuvieron su humedad y suavidad durante el almacenamiento, tambi&#xE9;n mostraron un incremento importante en el porcentaje de prote&#xED;na en un 14.21% en las tortillas a base de harina de ma&#xED;z nixtamalizado (HMNsa), 11.1% en masa de ma&#xED;z (MM) y en un 11.7% en la combinaci&#xF3;n (C)., en cuanto al contenido de cenizas y calcio no hubo diferencias significativas entre tratamientos. Despu&#xE9;s de doce d&#xED;as de almacenamiento en refrigeraci&#xF3;n, las tortillas adicionadas con 15% HAN presentaron mejores caracter&#xED;sticas organol&#xE9;pticas que sus respectivo testigos. Las tortillas adicionadas con HAN fueron de un color menos brillante que los testigos correspondiente, sin embargo todos los tratamientos mostraron un oscurecimiento de color durante el almacenamiento. En cuanto a la vida de anaquel las tortillas sin HAN se conservaron sin la presencia de microorganismos 24 horas m&#xE1;s que aquellas con 15% de HAN.</subfield>
  </datafield>
  <datafield tag="520" ind1="3" ind2=" ">
    <subfield code="a">In Mexico tortilla is an important issue of the diet of all social stratus. The lack of an appropriated diet, because of the limitation of the economical source&#x2019;s and the growing of the population, had done that this population be more dependent of the tortilla for its diary alimentation, this is the cause that many efforts had been done in order to growing the quality of the tortilla, adding flour of another grains to the dough and nutriments, in the other hand even its high consumption, there is a variability in the characteristics of quality of the produced tortilla commercially, mainly texture, color, smell, nutrition value and shelf life. In this study was evaluated the effect of the nixtamalized amaranth flour (HAN), in the quality of corn tortilla whit the target of getting better the texture, shelf life and nutrition value, the addition of HAN was fixed in 0, 5, 10, 15%. To the making of the tortilla was used a commercial nixtamalized corn flour without additives (HMNsa) brand Cargill, corn dough (MM) obtained by traditional form of nixtamalizacion and another dough obtained by the combination of HMNsa (50%) and MM (50%). Was made the physico-chemical characterization of the flours and doughs (moisture, protein, ash and calcium). We done a sensorial evaluation (by attributes and global) about the acceptability of the corn tortilla aditionated with HAN, with different kind of dough and different percentages of HAN. The tortilla quality was measured in terms of color (L, Hue, Croma), % moisture, rollability, flexibility, texture, shelf life, in an storage of 12 days to 4 &#xB1; 1 &#xB0;C, also of the physico-chemical characterization. The addition of HAN (15%) to the tortilla (HMNsa, MM, C) regarding the witnesses, that conserve this moisture and smoothness in the storage, almost they showed an important increment in the protein percentages: 14.21% in nixtamalized corn dough tortilla (HMNsa), 11.1% in corn dough (MM) and 11.7% at the combination, about ash and calcium content wasn&#x2019;t significant differences between treatments. After twelve days of refrigeration storage, added tortillas with 15% HAN showed better characteristics &#x201C;organolepticas&#x201D; than witnesses. Added tortilla with HAN were less brilliant color with the corresponding witnesses, however all the treatments showed a dark color during storage. In shelf life tortillas without HAN were conserved without microorganisms 24 hours more than tortillas with 15% of HAN.</subfield>
  </datafield>
  <datafield tag="650" ind1="1" ind2="3">
    <subfield code="a">Tortillas (mexicanas)</subfield>
    <subfield code="2">atg</subfield>
  </datafield>
  <datafield tag="650" ind1="1" ind2="3">
    <subfield code="a">Harina de amaranto</subfield>
    <subfield code="2">atg</subfield>
  </datafield>
  <datafield tag="650" ind1="1" ind2="3">
    <subfield code="a">Tortillas</subfield>
    <subfield code="2">atg</subfield>
  </datafield>
  <datafield tag="650" ind1="1" ind2="3">
    <subfield code="a">Amaranth flour</subfield>
    <subfield code="2">atg</subfield>
  </datafield>
  <datafield tag="700" ind1="1" ind2=" ">
    <subfield code="a">Hern&#xE1;ndez Paredes, Eduardo</subfield>
    <subfield code="e">autor</subfield>
  </datafield>
  <datafield tag="700" ind1="1" ind2=" ">
    <subfield code="a">Buend&#xED;a Gonz&#xE1;lez, Mar&#xED;a Ofelia</subfield>
    <subfield code="e">director</subfield>
  </datafield>
  <datafield tag="700" ind1="1" ind2=" ">
    <subfield code="a">Mart&#xED;nez Velasco, Alejandro</subfield>
    <subfield code="e">asesor</subfield>
  </datafield>
  <datafield tag="700" ind1="1" ind2=" ">
    <subfield code="a">V&#xE1;zquez Carrillo, Mar&#xED;a Gricelda</subfield>
    <subfield code="e">asesor</subfield>
  </datafield>
  <datafield tag="856" ind1="4" ind2="1">
    <subfield code="u">http://10.13.5.2/tesis/115493.pdf</subfield>
    <subfield code="y">DESCARGAR PDF</subfield>
  </datafield>
  <datafield tag="901" ind1=" " ind2=" ">
    <subfield code="a">TESIS G669 2012</subfield>
  </datafield>
  <datafield tag="902" ind1=" " ind2=" ">
    <subfield code="a">M</subfield>
  </datafield>
  <datafield tag="905" ind1=" " ind2=" ">
    <subfield code="a">5232272012                          mx imnl8222223322spa16</subfield>
  </datafield>
  <datafield tag="942" ind1=" " ind2=" ">
    <subfield code="c">TESIS</subfield>
    <subfield code="2">Clasificaci&#xF3;n Universidad Aut&#xF3;noma Chapingo</subfield>
  </datafield>
  <datafield tag="999" ind1=" " ind2=" ">
    <subfield code="c">175550</subfield>
    <subfield code="d">175550</subfield>
  </datafield>
  <datafield tag="952" ind1=" " ind2=" ">
    <subfield code="0">0</subfield>
    <subfield code="1">0</subfield>
    <subfield code="2">local</subfield>
    <subfield code="4">0</subfield>
    <subfield code="5">1</subfield>
    <subfield code="7">0</subfield>
    <subfield code="8">TESIS</subfield>
    <subfield code="a">IA_</subfield>
    <subfield code="b">IA_</subfield>
    <subfield code="d">2012-01-18</subfield>
    <subfield code="e">El autor</subfield>
    <subfield code="l">0</subfield>
    <subfield code="o">Tesis G669 2012</subfield>
    <subfield code="p">1101006431</subfield>
    <subfield code="r">2022-01-18 00:00:00</subfield>
    <subfield code="t">Ej.3</subfield>
    <subfield code="w">2012-01-18</subfield>
    <subfield code="y">CD</subfield>
  </datafield>
  <datafield tag="952" ind1=" " ind2=" ">
    <subfield code="0">0</subfield>
    <subfield code="1">0</subfield>
    <subfield code="2">local</subfield>
    <subfield code="4">0</subfield>
    <subfield code="5">1</subfield>
    <subfield code="7">0</subfield>
    <subfield code="8">TESIS</subfield>
    <subfield code="a">IA_</subfield>
    <subfield code="b">IA_</subfield>
    <subfield code="d">2012-01-18</subfield>
    <subfield code="e">El autor</subfield>
    <subfield code="l">0</subfield>
    <subfield code="o">Tesis G669 2012</subfield>
    <subfield code="p">1101006429</subfield>
    <subfield code="r">2026-02-02 00:00:00</subfield>
    <subfield code="t">Ej.1</subfield>
    <subfield code="w">2012-01-18</subfield>
    <subfield code="y">TESIS</subfield>
  </datafield>
  <datafield tag="952" ind1=" " ind2=" ">
    <subfield code="0">0</subfield>
    <subfield code="1">0</subfield>
    <subfield code="2">local</subfield>
    <subfield code="4">0</subfield>
    <subfield code="5">1</subfield>
    <subfield code="7">0</subfield>
    <subfield code="8">TESIS</subfield>
    <subfield code="a">IA_</subfield>
    <subfield code="b">IA_</subfield>
    <subfield code="d">2012-01-18</subfield>
    <subfield code="e">El autor</subfield>
    <subfield code="l">0</subfield>
    <subfield code="o">Tesis G669 2012</subfield>
    <subfield code="p">1101006430</subfield>
    <subfield code="r">2022-01-18 00:00:00</subfield>
    <subfield code="t">Ej.2</subfield>
    <subfield code="w">2012-01-18</subfield>
    <subfield code="y">CD</subfield>
  </datafield>
  <datafield tag="952" ind1=" " ind2=" ">
    <subfield code="0">0</subfield>
    <subfield code="1">0</subfield>
    <subfield code="2">local</subfield>
    <subfield code="4">0</subfield>
    <subfield code="7">0</subfield>
    <subfield code="8">TesDigL</subfield>
    <subfield code="a">IA_</subfield>
    <subfield code="b">IA_</subfield>
    <subfield code="c">E_L</subfield>
    <subfield code="d">2012-01-18</subfield>
    <subfield code="e">El autor</subfield>
    <subfield code="l">0</subfield>
    <subfield code="p">1201006429</subfield>
    <subfield code="r">2024-09-17 14:21:57</subfield>
    <subfield code="w">2012-01-18</subfield>
    <subfield code="y">TD</subfield>
  </datafield>
</record>
